000
00298nam a2200121 a 4500
001
4144
005
20140414131926.0
008
090317s19uu xx 00 eng d
050
_a
ER
_b
P96 1997
100
_a
Mackall, Dandi Daley
245
_a
The Puzzle club :
_b
christmas mystery.
999
_c
112008
_d
112008